[Event "Treppenturnier 2023"]
[Site "Turnierstufe"]
[Date "2024.08.07"]
[Round "39-3"]
[White "Designer 2325"]
[Black "Master Chess"]
[Result "1/2-1/2"]
[WhiteElo "2103"]
[BlackElo "2121"]
[PlyCount "125"]

1.d4 d5 2.c4 e6 3.Nc3 Nf6 4.Nf3 c5 5.cxd5 Nxd5 6.e3 Nc6 7.Bd3 Be7 8.O-O O-O 
{Buchende.} 9.Re1 {Buchende.} 9...Ncb4 10.Nxd5 exd5 11.dxc5 Nxd3 12.Qxd3 Bxc5 
13.Bd2 Bg4 14.Ne5 Be6 15.Rac1 Rc8 16.b4 Bd6 17.Rxc8 Qxc8 18.Nf3 Qc4 19.Qd4 Qxd4 
20.Nxd4 Rc8 $10 {Alles läuft in geregelten Bahnen, nichts ist passiert.} 21.a3 
Rc4 22.Rc1 g5 23.f3 h6 24.Nb5 Bb8 25.g3 g4 26.fxg4 Bxg4 27.Kf2 Kg7 28.Nc3 Be6 
29.Ne2 Be5 30.Kg2 ( {Warum nicht einfach} 30.Bc3 Bxc3 {... um das Läuferpaar
auszuschalten?} ) 30...Rxc1 31.Bxc1 Bf5 32.Nf4 Be4+ 33.Kf1 Kf6 34.Ke2 Kf5 
35.Bd2 b6 36.Nd3 $6 {Sollte kurzfristig einen Bauern verlieren.} 36...f6 $6 ( 
36...Bxd3+ 37.Kxd3 b5 38.Bc1 h5 39.h3 ( 39.Ke2 Ke4 40.Bd2 Bb2 41.h3 f5 {...} ) 
39...Bxg3 40.Kd4 Ke6 {...} ) 37.b5 Kg4 38.Nf2+ ( {Wieder verpasst Weiß es, den
mächtigen Läufer abzutauschen.} 38.Nxe5+ fxe5 39.Bc3 Kf5 40.g4+ Kf6 {... und mit
ungleichfarbigen Läufern ein Remis anzusteuern.} ) 38...Kg5 39.Nd3 Bd6 40.Bc1 
Kg4 {Bei der Zeitkontrolle hat Master Chess seinen Gegner im Schwitzkasten,
findet bisher aber keinen Weg, ihn aufs Kreuz zu legen.} 41.Nf2+ Kf5 42.Nxe4 
dxe4 43.Kf2 $6 ( 43.Bb2 {.} ) 43...Ke5 44.Bb2+ Kd5 ( 44...Ke6 $1 ) 45.Bxf6 Kc4 
46.a4 Kb4 47.g4 $6 ( 47.h4 {.} ) 47...Bxh2 48.Bg7 Kxa4 49.Bxh6 Kxb5 $6 ( 
49...Be5 $1 {ist richtig, um 50. Lf4! zu vermeiden.} ) 50.g5 $6 {Designer
sieht's nicht.} 50...Be5 51.g6 a5 {Nur Remis.} ( {Natürlich kann ein Bretti das
nicht überblicken ...} 51...Kc4 52.Ke2 Kb3 53.Kd1 a5 54.Kc1 Ka2 55.Bf4 Bb2+ 
56.Kd2 b5 57.Bc7 a4 58.Bb6 a3 59.Bd4 Bxd4 60.exd4 Kb2 61.g7 a2 62.g8=Q a1=Q 
{... geschweige denn, diese Stellung einfach mal gewinnen.} ) 52.g7 Bxg7 
53.Bxg7 Kc4 54.Ke2 a4 55.Kd2 b5 56.Kc2 a3 57.Be5 {(0.00)} 57...b4 {(-0.1)} 
58.Bd6 b3+ {(0.0)} 59.Kb1 a2+ 60.Kb2 Kd3 61.Be5 Kxe3 62.Kxb3 Kd3 63.Kxa2 {und
Remis.} 1/2-1/2

[Event "Treppenturnier 2023"]
[Site "Turnierstufe"]
[Date "2024.08.14"]
[Round "39-4"]
[White "Master Chess"]
[Black "Designer 2325"]
[Result "1-0"]
[WhiteElo "2120"]
[BlackElo "2104"]
[PlyCount "88"]

1.d4 Nf6 2.c4 e6 3.g3 d5 4.Bg2 dxc4 5.Qa4+ Nbd7 6.Qxc4 a6 7.Qc2 c5 8.Nf3 
{Buchende.} 8...b6 {Buchende.} 9.dxc5 Bxc5 10.Nc3 Bb7 11.O-O Rc8 12.Rd1 Qe7 
13.Bf4 O-O 14.Rac1 e5 15.Bg5 h6 16.Bh4 g5 17.Nxg5 hxg5 18.Bxb7 gxh4 19.Bxc8 ( 
{Oder der Versuch, auf Remis spielen:} 19.Qf5 Qe6 20.Qg5+ Kh8 21.Qxh4+ {...} ) 
19...Rxc8 20.Qd3 hxg3 $6 ( 20...e4 21.Qxa6 Re8 {...} ) 21.Qxg3+ Kf8 22.Qh4 Rc6 
23.b4 Bd6 $2 ( 23...Ng8 24.Qxe7+ Bxe7 25.Rxd7 Bxb4 {... hätte die Stellung noch
zusammengehalten.} ) 24.Nd5 {(+1.2)} 24...Rxc1 25.Qh6+ $6 ( 25.Rxc1 Qd8 26.Qh8+ 
Ng8 27.Kh1 Be7 28.Rg1 {...} ) 25...Ke8 26.Rxc1 Qd8 27.Qh8+ Bf8 ( 27...Nf8 $2 
28.Nxf6+ Ke7 29.Ne4 Ne6 30.Qf6+ Kd7 31.Qxf7+ {...} ) 28.Nc7+ Ke7 29.Rc6 a5 
30.Qh3 Qb8 31.Qh4 Bg7 32.Nd5+ Ke8 33.Nxf6+ Nxf6 34.Qc4 Qb7 35.Qb5 Qd7 36.bxa5 
Qg4+ 37.Kh1 Kf8 38.Rxb6 Kg8 39.Rb7 Nh5 40.Qd7 Qg6 41.a6 Qe4+ 42.f3 Qc4 43.Rb8+ 
Kh7 {(-9.00)} 44.Qd3+ Qxd3 {(-9.99) Aufgabe.} 1-0

[Event "Treppenturnier 2023"]
[Site "Turnierstufe "]
[Date "2024.08.16"]
[Round "40-1"]
[White "Master Chess "]
[Black "Reflection II max Corona D+"]
[Result "1-0"]
[WhiteElo "2130"]
[BlackElo "2120"]
[PlyCount "67"]

1.e4 c5 2.Nf3 e6 3.d4 cxd4 4.Nxd4 Nc6 5.Nc3 Qc7 {Buchende.} 6.Be2 {Buchende.} 
6...Nxd4 $6 {Bereits ungenau.} ( {Richtig ist z. B.} 6...a6 ) ( {oder} 6...Nf6 
) ( {oder auch} 6...d6 ) 7.Qxd4 Nf6 8.e5 Bc5 9.Qf4 Nd5 10.Nxd5 exd5 11.Qg3 Bd4 
12.Qxg7 Bxe5 13.Qg5 d6 $14 {Coronas König sieht recht angreifbar aus und der
schwarze Doppelbauer ist auch nicht gerade hübsch.} 14.f4 ( {Stärker:} 14.c3 ) 
14...h6 15.Qh5 Bf6 16.Kd1 $6 {Will nur zaghaft den Bauern schützen.} ( 16.O-O 
{und z.B.} 16...Qxc2 17.Be3 Bxb2 18.Rab1 Bf6 19.Bb5+ Ke7 20.Rbc1 Qe4 21.Rfe1 
{...} ) 16...Qb6 17.Qxd5 O-O 18.f5 Bg7 $6 ( {Besser sicherlich:} 18...Bd7 {.} ) 
19.Rf1 Re8 20.f6 $6 {Kommt etwas zu früh, verführt aber Schwarz zu:} 20...Be6 
$2 {Ein taktischer Fehler.} ( {Die beste Gegenwehr ist:} 20...Rxe2 21.Kxe2 Bg4+ 
22.Kd3 Re8 23.c4 Be2+ 24.Kc3 Bxf1 25.fxg7 {usw.} ) 21.Qd3 {Der Anfang vom Ende.} 
21...Bf8 ( 21...Bxf6 22.Rxf6 Qg1+ 23.Rf1 Qxg2 24.Bxh6 {...} ) 22.Qg3+ {Master
Chess ist in seinem Element.} 22...Kh8 23.Qh4 Kg8 24.Bxh6 {Das ist bereits ein
Matt in 13.} 24...Bf5 25.Rxf5 Qg1+ 26.Bf1 Re1+ 27.Kxe1 Bxh6 28.Qxh6 Re8+ 29.Kd1 
Qd4+ 30.Bd3 {Mattankündigung.} 30...Qg4+ 31.Rf3 Qg6 32.Bxg6 Re1+ 33.Kxe1 fxg6 
34.f7# 1-0

[Event "Treppenturnier 2023"]
[Site "Turnierstufe"]
[Date "2024.08.16"]
[Round "40-2"]
[White "Reflection II max Corona D+"]
[Black "Master Chess"]
[Result "1-0"]
[WhiteElo "2111"]
[BlackElo "2140"]
[PlyCount "113"]

1.d4 Nf6 2.Nf3 e6 {Buchende.} 3.g3 {Buchende.} 3...c5 4.Bg2 cxd4 5.O-O d5 
6.Nxd4 Nbd7 7.Nc3 Bb4 8.Bd2 O-O 9.a3 Be7 10.a4 Nb6 11.Nf3 Nc4 12.Bc1 {Corona
lässt sich bereits zurückdrängen.} 12...Qa5 13.Qd3 b6 14.b3 Nd6 15.Ba3 Ba6 
16.Qd2 Nf5 17.Bxe7 Nxe7 18.Nb5 Qxd2 19.Nxd2 Rac8 20.c4 $10 {D+ hat sich nicht
weiter einschnüren lassen und spielt jetzt gut mit.} 20...dxc4 21.Nxc4 Bxb5 
22.axb5 Rc7 23.e4 Nd7 24.Rfc1 Rfc8 25.Rd1 g5 26.h3 f5 $6 {Master Chess kann die
Füße nicht still halten. Es geht immer nur vorwärts.} ( {Besser:} 26...Nc5 ) 
27.Nd6 Rd8 28.exf5 exf5 $14 {Turmverdoppelung auf den d-Linie, Läufer nach c6 
und Weiß steht glänzend da.} 29.Rd4 f4 {Ungestüm. Nun schwenkt D+ auf den
Damenflügel} 30.Rda4 $10 {Mehr als Ausgleich ist jedoch nicht drin.} ( 30.Ne4 
$1 {ist klar stärker.} ) 30...Nc5 31.Rxa7 Rxa7 32.Rxa7 Rxd6 33.Rxe7 Rd1+ 34.Kh2 
Nd3 $6 35.Bd5+ Kh8 36.gxf4 Nxf4 37.Bc4 $14 {Die beiden weißen Damenflügelbauern
sollte Master Chess nicht unterschätzen.} 37...h6 38.Rb7 Rd6 39.Kg3 h5 $2 
{(+0.5)} 40.h4 {Na klar. (+0229)} 40...gxh4+ $2 {Zwei völlig unverständliche
Züge hintereinander, denn ...} 41.Kxf4 $18 Rg6 42.Kf5 $1 {... die beiden Bauern
haben keine Chance durchzukommen.} 42...Rg7 43.Rxb6 ( 43.Rxb6 {Tatsächlich schon
ein Matt in 16!:} 43...Kh7 44.Ra6 Rc7 45.Rc6 Rb7 46.b6 Rb8 47.Kg5 Kg7 48.Rg6+ 
Kf8 49.Rg8+ Ke7 50.Rxb8 Kd7 51.Bd5 Kd6 52.b7 Kxd5 53.Rd8+ Ke4 54.b8=Q Kf3 
55.Rd2 Kg2 56.Qa8+ Kg1 57.f4 Kf1 58.Qh1# ) 43...Kh7 44.Bd3 Rd7 45.Be4 Kg7 
46.Kg5 Rd4 47.Rb7+ Kf8 48.Bf5 Ke8 49.b6 h3 50.Bxh3 ( 50.Kf6 $1 {Matt in 8.} 
50...Rd6+ 51.Be6 Rd4 52.Rb8+ Rd8 53.Rxd8+ Kxd8 54.Bxh3 h4 55.f4 Ke8 56.b7 Kd8 
57.b8=Q# ) 50...Rd3 51.Bf5 Rd6 52.Rb8+ Rd8 {Master Chess ist gnädig und macht
schnell.} 53.Rxd8+ Kxd8 54.Kf6 {Mattankündigung.} 54...h4 55.Bh3 Ke8 56.b7 Kf8 
57.b8=Q# 1-0

[Event "Treppenturnier 2023"]
[Site "Turnierstufe"]
[Date "2024.08.19"]
[Round "40-3"]
[White "Master Chess"]
[Black "Reflection II max Corona D+"]
[Result "0-1"]
[WhiteElo "2129"]
[BlackElo "2122"]
[PlyCount "106"]

1.d4 d5 2.g3 Nf6 3.Bg2 {Buchende.} 3...g6 {Buchende.} 4.Bg5 Bg7 5.Nc3 c6 6.Nf3 
O-O 7.O-O Qb6 8.b3 Bf5 9.e3 Nbd7 {Beide haben sich solide aufgestellt.} 10.Ne2 
h6 11.Bxf6 Bxf6 12.c4 dxc4 13.bxc4 Qa6 14.Qb3 Rfe8 15.Rfd1 e5 16.dxe5 Nxe5 
17.Nxe5 Bxe5 18.Nd4 Rad8 19.Nxf5 Bxa1 20.Nxh6+ Kg7 21.Nf5+ gxf5 22.Rxa1 Kg8 
23.a3 Re5 24.Qb4 Ra5 25.a4 Qb6 26.Qxb6 $2 {Keine gute Idee, die Damen zu
tauschen. Die zwei Türme sind nun um einiges stärker.} 26...axb6 27.h4 Rda8 
{(-0134) Los geht's mit dem Bauernpflücken.} 28.Rb1 {(-0.4)} 28...R8a6 {Ok, aber
nur der zweitbeste Zug.} ( 28...Rxa4 29.Rxb6 Ra1+ 30.Bf1 ( 30.Kh2 R8a2 31.f4 
Rc1 32.Kh3 Rcc2 {...} ) 30...Rd1 31.Kg2 Raa1 32.Be2 Rd2 33.Bf3 Raa2 {...} ) 
29.Bf1 Rxa4 30.Bd3 Ra1 31.Rxa1 Rxa1+ 32.Kh2 Ra5 33.Kg2 Kg7 34.Kf3 Kf6 35.Kf4 
Ra4 36.Kf3 Rb4 37.Be2 b5 38.cxb5 cxb5 39.Bd3 Rb3 40.Ke2 Rb2+ 41.Kf3 b4 42.e4 
fxe4+ 43.Bxe4 b3 44.h5 Rd2 45.Ke3 Rd7 46.h6 Re7 47.h7 Kg7 48.h8=R Kxh8 49.Kd2 
Rxe4 50.Kc3 Re2 ( 50...Rb4 {HIARCS 15.3.1 sagt Matt in 13.} 51.Kxb4 b2 52.g4 
b1=Q+ 53.Kc5 b5 54.g5 b4 55.g6 fxg6 56.f3 b3 57.Kd4 b2 58.Ke3 Qe1+ 59.Kd3 b1=Q+ 
60.Kd4 Qb6+ 61.Kc4 Qe2+ 62.Kc3 Qbb2# ) 51.Kxb3 Rxf2 52.Kc4 Rg2 53.Kc5 Rxg3 {und
Schluss.} 0-1

[Event "Treppenturnier 2023"]
[Site "Turnierstufe"]
[Date "2024.08.20"]
[Round "40-4"]
[White "Reflection II max Corona D+"]
[Black "Master Chess"]
[Result "1-0"]
[WhiteElo "2132"]
[BlackElo "2119"]
[PlyCount "167"]

1.Nf3 Nf6 2.g3 {Buchende.} 2...c5 3.Bg2 {Buchende.} 3...d5 {D+ wieder aus dem
Buch:} 4.O-O e6 5.d3 Nc6 6.Nbd2 Be7 7.e4 O-O 8.Re1 b5 9.e5 Nd7 10.Nf1 {Erneut
Buchende.} 10...Bb7 11.a4 b4 12.Bf4 g5 $6 {Antipositionell und nicht thematisch.
Schwarz sollte sich auf den Damenflügel konzentrieren. D+ muss das jedoch erst
einmal nachweisen.} 13.Nxg5 $1 Bxg5 14.Qg4 b3 $6 15.cxb3 $6 ( 15.c4 Ndxe5 
16.Bxe5 f5 {...} ) 15...Ba6 $6 ( 15...h6 16.h4 h5 17.Qxg5+ Qxg5 18.Bxg5 {...
sieht nach Remis aus.} ) 16.Bxg5 Ndxe5 17.Qh4 f6 ( 17...Qd6 $2 18.Bf6 Rfd8 
19.Qh6 Qf8 20.Qxf8+ Rxf8 21.Bxe5 Nxe5 22.Rxe5 {...} ) 18.Bh6 Rf7 19.f4 Ng6 
20.Qh5 Nd4 21.Ne3 {Schwierig für beide Oldies, in dieser taktischen Stellung den
Überblick zu behalten.} 21...Rd7 22.b4 ( {Noch besser:} 22.f5 $1 ) 22...cxb4 
23.Rac1 $6 ( 23.f5 $1 exf5 24.Nxf5 Nxf5 25.Qxf5 Bb7 26.Re6 Rf7 27.Rf1 {...} ) 
23...Kh8 $6 24.f5 $1 {Aber jetzt! D+ kann durchaus mithalten.} 24...exf5 
25.Nxf5 Nb3 26.Rcd1 Nc5 27.Nd4 Nxa4 $2 {Die Gefahr lauert woanders.} 28.Qf5 $1 
{(+0144)} 28...Rd6 29.Bxd5 Bc8 30.Qf2 Nxb2 {(+1.6)} 31.Nb5 Rb6 32.Qxb2 
{(+0324)} 32...Rab8 {(+2.1)} 33.Rc1 Bb7 34.Be6 $1 {Sehr stark gespielt.} 
34...Nf8 ( 34...Bc8 35.Bxc8 Rxc8 36.Rxc8 Qxc8 37.Nc7 b3 38.Re8+ {...} ) ( 
34...Bd5 35.Nc7 Nf8 36.Bxd5 Qd7 37.Ne6 Nxe6 38.Qxf6+ {...} ) ( 34...Nf4 35.Bxf4 
Rxe6 36.Rxe6 Qd5 37.Qxf6+ {...} ) ( 34...Ne5 35.Rxe5 Bd5 36.Rxd5 Qf8 37.Bxf8 
{...} ) ( 34...Bc6 35.Nd6 R6b7 36.Rxc6 {...} ) 35.Nd4 {Ok, gewinnt auch.} ( 
{Den stärksten Zug} 35.Bg5 $1 {verwirft D+ nach kurzer Zeit.} ) 35...Bc8 36.Bg5 
Bxe6 37.Nc6 ( 37.Nxe6 $1 Nxe6 ( 37...Rxe6 38.Rxe6 Kg8 39.Rxf6 b3 40.Rg6+ hxg6 
41.Bxd8 Rxd8 42.Qxb3+ {...} ) 38.Bxf6+ Qxf6 39.Qxf6+ {...} ) 37...Qd7 38.Qxf6+ 
Qg7 39.Nxb8 Kg8 40.Qxg7+ Kxg7 41.Nc6 Bd7 42.Nxa7 {(+0578)} 42...b3 {(+4.9)} 
43.Bd2 Rb7 44.Bc3+ Kf7 45.Bd4 Ne6 46.Rf1+ Kg6 47.Rf6+ Kg5 48.h4+ Kg4 49.Bf2 b2 
50.Rb1 Kh3 51.Rf7 Rc7 52.Be3 Rb7 53.Kf2 h5 54.Re7 Kg4 55.Rh7 Kh3 56.Kf3 Kh2 
57.Bg1+ Kh3 ( 57...Kh1 $2 58.g4 Ng5+ 59.Kg3 Ne4+ 60.dxe4 Bb5 61.Bc5+ Bf1 
62.Rxf1# ) 58.Bb6 Kh2 59.Rxb2+ Kh3 60.Rb1 Nd4+ {Die Wege des D+ sind etwas
langwierig, aber auch nach Verkürzung der Bedenkzeit müsste er das gewinnen:} 
61.Kf2 Nf5 62.Rxh5 Nxg3 63.Rh7 Nf5 64.h5 Bc6 65.Rxb7 Bxb7 66.Be3 Bd5 67.h6 Nxh6 
68.Bxh6 Kg4 69.Rb5 Ba8 70.Rg5+ Kh3 71.Bg7 Kh4 72.Bf6 Bb7 73.Rg7+ ( 73.Nb5 Ba6 
74.Nd4 Bb7 75.Rg7+ Kh5 76.Nf5 Ba6 77.Rg5# ) 73...Kh5 74.Rxb7 Kg6 75.Rb6 {Das
Mattsetzen sei ihm gegönnt.} 75...Kh5 76.d4 Kg4 77.d5 Kf5 78.Bb2 Ke4 79.d6 
{Mattankündigung.} 79...Kf4 80.d7 Kg4 81.d8=Q Kf5 82.Qd5+ Kg4 83.Rb4+ Kh3 
84.Qg2# 1-0

[Event "Treppenturnier 2023"]
[Site "Turnierstufe"]
[Date "2024.08.22"]
[Round "41-1"]
[White "Reflection II max Corona D+"]
[Black "Sapphire II"]
[Result "1-0"]
[WhiteElo "2142"]
[BlackElo "2138"]
[PlyCount "134"]

1.e4 e5 2.Nf3 Nc6 3.Bb5 a6 4.Ba4 Nf6 5.O-O Nxe4 6.d4 b5 7.Bb3 d5 8.dxe5 Be6 
9.Nbd2 Nc5 10.c3 {Buchende.} 10...Be7 11.Bc2 Bg4 {wieder aus dem Buch:} 12.Re1 
Qd7 {Buchende.} 13.Nf1 {Buchende.} 13...O-O-O $2 {Gleich der erste errechnete
Zug ist einfach schlecht, der Stellung nicht angemessen.} 14.a4 {D+ reagiert
sofort richtig.} 14...b4 15.h3 b3 16.hxg4 bxc2 {(-01.61)} 17.Qxc2 {(+0049)} 
17...Qxg4 18.b4 Ne6 19.b5 Nb8 20.Be3 {Sapphire II steht mit dem Rücken zur
Wand.} 20...Bc5 21.bxa6 Nf4 $2 {Horizont.} ( 21...Nxa6 ) 22.Bxf4 Qxf4 23.Qd3 
Qc4 24.Qxc4 $6 {Der Damentausch entlastet Schwarz.} ( {Da war mehr drin, z.B.:} 
24.Qf5+ Nd7 ( 24...Rd7 25.Rab1 Nxa6 26.N1d2 Qxa4 27.Ra1 {...} ) 25.e6 fxe6 
26.Qxe6 Bd6 27.Ne3 Qxa6 28.Nxd5 {...} ) 24...dxc4 25.N1d2 Nxa6 26.Nxc4 Rd3 
27.Rec1 Be7 28.a5 Rhd8 29.Rab1 h5 30.Ra1 R3d5 31.Re1 Rd3 32.e6 fxe6 33.Rxe6 
Rxc3 34.Rxe7 Rxc4 35.Rxg7 Rc2 36.Rg5 c5 37.Rxh5 Rd6 38.Rh8+ Kc7 39.Ne5 
{(+0242)} 39...c4 {(-01.96)} 40.Ra4 Rc1+ 41.Kh2 Rdd1 42.Rh7+ Kd6 43.Nxc4+ {Das
sollte doch zum Sieg reichen.} 43...Kc6 44.Rg7 Kb5 45.Nb6 Nc5 46.Ra2 Ne4 47.g4 
Rh1+ 48.Kg2 Rhg1+ 49.Kf3 Nc5 50.Rg5 Ka6 51.Nd5 Nd3 52.Ke3 Nc5 53.Nb4+ Ka7 
54.Rg7+ Ka8 55.Nc6 Nd7 56.Rd2 Rge1+ 57.Kf4 Rc4+ 58.Rd4 Rxd4+ 59.Nxd4 Nc5 60.Kf5 
Kb8 61.g5 Rd1 62.Nc6+ Kc8 63.f4 Rd6 64.Ne5 Ne6 65.Rd7 Rxd7 66.Kxe6 Rc7 67.f5 
Ra7 {(rESiGn) Sapphire II gibt auf.} 1-0

[Event "Treppenturnier 2023"]
[Site "Turnierstufe"]
[Date "2024.08.24"]
[Round "41-2"]
[White "Sapphire II"]
[Black "Reflection II max Corona D+"]
[Result "0-1"]
[WhiteElo "2128"]
[BlackElo "2152"]
[PlyCount "105"]

1.e3 d5 2.c4 c6 3.d4 Nf6 4.Nc3 e6 5.Nf3 Nbd7 6.Bd3 dxc4 7.Bxc4 b5 8.Bd3 a6 9.e4 
c5 10.e5 cxd4 11.Nxb5 axb5 12.exf6 Qb6 {Buchende.} 13.O-O {Buchende.} 13...Bb7 
14.Bc2 $6 {Was hat Sapphire II sich dabei gedacht?} ( {Einfach:} 14.Qe2 gxf6 
15.Bxb5 {...} ) 14...Nxf6 15.Qxd4 Bc5 16.Qf4 Bd6 17.Qe3 Qc7 18.Bd3 O-O 19.h3 b4 
20.Bd2 Rfd8 21.Rfc1 Qa5 22.Kf1 $15 {Sapphire II ist als Weißer klar in der
Defensive.} 22...Qh5 23.Ng5 $6 ( 23.Be2 {.} ) 23...h6 24.Ne4 Be7 ( {Stärker
noch:} 24...Be5 $1 25.Kg1 ( 25.Nxf6+ Bxf6 26.Be2 Qg6 27.f3 Bd4 28.Qf4 Bxb2 
{...} ) 25...Nxe4 26.Bxe4 Bxe4 27.Qxe4 Bxb2 28.Bxb4 Bxc1 29.Rxc1 Rxa2 {...} ) 
25.Nxf6+ $2 Bxf6 $17 26.Rc5 Qh4 27.Rd1 $2 {Der Novag kann auch taktisch
offensichtlich nicht mithalten.} ( {Aber Alternativen wie} 27.Rc4 Rxd3 28.Qxd3 
Ba6 29.Rac1 Rd8 {... sind auch nicht mehr verlockend.} ) 27...Bd4 ( {Gewonnen
ist bereits:} 27...Rxd3 $1 28.Qxd3 Bd4 29.Be3 Bxc5 30.Kg1 Be7 {...} ) 28.Rc4 
Bxe3 $1 29.Rxh4 Bxd2 30.Rxd2 Ba6 $1 {Schön.} 31.Bxa6 Rxd2 32.Bc4 Rc8 33.g3 Rc5 
34.Re4 Rxb2 35.g4 Kf8 36.Bb3 Rb5 37.Rc4 Rb7 38.Rc8+ Ke7 39.h4 Rd7 40.g5 Rdd2 
41.Rc7+ Ke8 42.Ba4+ Kf8 43.Rc8+ Ke7 44.Rc7+ Kd6 45.Rd7+ Ke5 46.Rxf7 Rxa2 47.Ke1 
Rd4 48.Bb3 Rb2 49.Ba4 b3 ( {Zuerst} 49...Rxh4 ) 50.Be8 Rxh4 51.Kf1 Rf4 52.Rxg7 
Rfxf2+ ( {Matt in 9:} 52...Rfxf2+ 53.Kg1 Rg2+ 54.Kh1 Rgc2 55.gxh6 Rb1+ 56.Rg1 
Rxg1+ 57.Kxg1 b2 58.Bb5 b1=Q+ 59.Bf1 Qe1 60.h7 Qg3+ 61.Kh1 Rh2# ) 53.Kg1 
{(rESiGn) Aufgabe.} 0-1

[Event "Treppenturnier 2023"]
[Site "Turnierstufe"]
[Date "2024.08.25"]
[Round "41-3"]
[White "Sapphire II"]
[Black "Reflection II max Corona D+"]
[Result "1-0"]
[WhiteElo "2119"]
[BlackElo "2161"]
[PlyCount "112"]

1.d4 Nf6 2.c4 g6 3.Nc3 d5 4.cxd5 Nxd5 5.e4 Nxc3 6.bxc3 c5 7.Bc4 Bg7 8.Ne2 O-O 
9.O-O Nc6 10.Be3 cxd4 11.cxd4 Bg4 12.f3 Na5 13.Bxf7+ Rxf7 14.fxg4 Rxf1+ 15.Kxf1 
Qd7 16.h3 {Buchende.} 16...Qe6 17.Qd3 Qc4 18.Qxc4+ Nxc4 19.Bg5 e6 $14 
{Buchende. D+ kennt seinen Grünfeld sehr weit, wird aber in eine nicht
vorteilhafte Stellung entlassen.} 20.Rb1 b6 21.Rb3 Rc8 22.Rc3 Rf8+ 23.Ke1 b5 
24.a4 a6 25.axb5 axb5 26.Rb3 h6 27.Be7 Rf7 28.Bc5 Rf1+ 29.Kxf1 Nd2+ 30.Ke1 Nxb3 
31.Bb6 Bf8 32.Kd1 Bb4 33.Kc2 Nd2 34.Kd3 Kf7 35.Bc7 Nb3 $2 {Nun gerät das Pferd
aufs Abstellgleis.} 36.Nc3 Nc1+ 37.Kc2 Bxc3 38.Kxc3 Ne2+ 39.Kd3 Nc1+ 40.Kc2 Ne2 
41.d5 g5 42.Kd2 Nf4 43.d6 ( {Den sofortigen Gewinnzug} 43.Bxf4 $1 {kann Sapphire
II nicht errechnen.} ) 43...Ke8 44.g3 Nxh3 $2 ( {Nach} 44...Ng6 {dürfte Weiß
nicht so einfach gewinnen.} ) 45.Bb6 {Na klar.} 45...e5 46.Kc3 Kd7 47.Bc5 Kc6 
48.Kb4 Nf4 {Das war's endgültig.} 49.gxf4 {(00.00)?} 49...gxf4 {(+0301)} 50.Ka5 
{(+04.46) Na also.} 50...Kd7 51.Kxb5 f3 52.Kc4 f2 53.Bxf2 Kxd6 54.Be3 Ke6 
55.Bxh6 Kf7 56.g5 Kg6 {(+1148) Aufgabe.} 1-0

[Event "Treppenturnier 2023"]
[Site "Turnierstufe"]
[Date "2024.08.27"]
[Round "41-4"]
[White "Reflection II max Corona D+"]
[Black "Sapphire II"]
[Result "1/2-1/2"]
[WhiteElo "2150"]
[BlackElo "2130"]
[PlyCount "102"]

1.d4 g6 2.c4 Nf6 3.g3 d5 {Buchende.} 4.cxd5 {Buchende.} 4...Qxd5 $6 {Sie bekommt
schnell einen Tritt.} ( 4...Nxd5 {ist natürlich der bessere Zug und z.B.:} 
5.Bg2 Bg7 6.e4 Nb6 7.Ne2 c5 8.dxc5 ( 8.d5 e6 9.O-O O-O {...} ) 8...Qxd1+ 9.Kxd1 
Na4 10.Nbc3 Nxc5 11.Be3 Nba6 12.Kc2 {...} ) 5.Nf3 Nc6 6.Nc3 Qa5 7.Bg2 Bg7 8.O-O 
O-O 9.Qb3 e6 10.Bd2 Rd8 11.Nb5 Qb6 12.Bf4 Nd5 13.Nxc7 {Spannende Abwicklung,
aber sie bringt keinen Vorteil.} ( {Alternative:} 13.Bg5 Na5 14.Qd3 Nb4 15.Qc3 
Nd5 16.Qd3 Nb4 {... mit remislichem Ausgang.} ) 13...Qxb3 14.axb3 Nxc7 $6 ( 
{Besser:} 14...Nxf4 15.gxf4 Rb8 16.Rfd1 Nxd4 17.Nxd4 Rxd4 18.Nb5 Rxd1+ 19.Rxd1 
Kf8 ( 19...a6 $2 20.Rd8+ ) 20.Nxa7 {...} ) 15.Bxc7 Rd7 16.Bb6 Nxd4 17.Nxd4 Bxd4 
18.Bxd4 Rxd4 19.Rfd1 Rxd1+ 20.Rxd1 Kg7 21.Rc1 Rb8 22.Rc7 {Beide schwarzen
Figuren sind gebunden.} 22...Kf6 23.f4 h6 24.Kf2 g5 25.e3 gxf4 26.exf4 h5 
27.Rc5 $2 {Warum? Jetzt kann Sapphire II sich befreien.} 27...b6 28.Rxh5 Ba6 
29.Be4 Rd8 30.Ke3 Rd1 31.b4 Re1+ 32.Kd4 Rd1+ 33.Kc3 Re1 34.Bd3 Bxd3 35.Kxd3 
Rd1+ {Wenn keiner einen dicken Fehler macht, dürfte das wohl ein Remis geben,
welches dem D+ zum Weiterkommen reicht.} 36.Kc2 Re1 37.Kd2 Rb1 38.Kc3 Rf1 
39.Rh8 Rf2 40.b5 Kg7 41.Ra8 Rxh2 42.Rxa7 Rh3 43.Rb7 Rxg3+ 44.Kd4 Kf6 45.Rxb6 
Rf3 46.Ke4 Rb3 47.Rb7 Rb4+ {Was soll noch passieren? Aber lieber abwarten.} 
48.Ke3 e5 49.fxe5+ Kxe5 50.Kd3 Rxb2 51.Rxf7 Rxb5 {Remis.} 1/2-1/2

[Event "Treppenturnier 2023"]
[Site "Turnierstufe"]
[Date "2024.08.29"]
[Round "42-1"]
[White "Reflection II max Corona D+"]
[Black "Star Diamond"]
[Result "1-0"]
[WhiteElo "2149"]
[BlackElo "2144"]
[PlyCount "78"]

1.e4 e5 2.Nf3 Nc6 3.Bb5 a6 4.Ba4 Nf6 5.O-O Nxe4 6.d4 b5 7.Bb3 d5 8.dxe5 Be6 
9.Nbd2 Nc5 10.c3 {Buchende.} 10...Be7 11.Bc2 Bg4 {Erneut Buch:} 12.Re1 Qd7 
{Buchende.} 13.Nb3 O-O-O $2 {Buchende. Star Diamond begeht denselben Fehler wie
Vorgänger Sapphire II und rochiert in die Gefahr hinein.} ( 13...Ne6 $1 ) 
14.Qe2 Rde8 15.Nbd4 Bf6 16.Bf4 g5 17.Bg3 Bg7 18.Qe3 h5 19.Qxg5 Ne6 20.Qh4 Bf8 
21.Nxc6 $2 {Tauscht den falschen Springer.} ( 21.Nxe6 $10 {und z.B.} 21...fxe6 
( 21...Bxe6 22.a4 b4 23.Bf4 Be7 24.Bg5 {...} ) 22.Ng5 Be7 23.a4 {...} ) 
21...Qxc6 {Kombinatorik ist gefragt ...} 22.Qf6 Rh6 $1 23.Qxf7 Re7 24.Qf6 Rxf6 
$2 {... und Star Diamond ist zu gierig. Er unterschätzt die Kraft des kleinen
Bäuerleins.} ( {Wesentlich stärker ist:} 24...Rd7 25.Bg6 ( 25.Nd4 Nxd4 26.Qxc6 
Rxc6 27.Bd3 Bf5 {...} ) 25...Bg7 26.Nd4 Nxd4 27.Qxc6 Nxc6 {...} ) 25.exf6 Re8 
26.Ne5 Qb6 27.f7 Re7 28.Bh4 Rxf7 ( 28...Qd6 {begrenzt den Schaden:} 29.Bxe7 
Qxe7 30.Nxg4 Qxf7 {...} ) 29.Nxf7 {(+0215)} 29...Ng7 {(-02.42)} 30.Re5 Qc5 
31.h3 Bd7 32.Rae1 b4 33.Bb3 bxc3 34.Rxd5 Qb4 35.Bf6 cxb2 36.Rdd1 b1=B 37.Rxb1 
Qf4 38.Be5 Qf5 {(-06.38)} 39.Bc4 {(+0418)} 39...Qg6 {(rESiGn) Star Sapphire gibt
auf.} ( {So z.B. geht's zu Ende:} 39...Qg6 40.Bd6 Bb5 41.Bxf8 Bxc4 42.Ne5 Qf5 
43.Nc6 Kd7 44.Ne7 Qxf8 45.Rbd1+ Ke8 46.Ng6+ {...} ) 1-0

[Event "Treppenturnier 2023"]
[Site "Turnierstufe"]
[Date "2024.09.01"]
[Round "42-2"]
[White "Star Diamond"]
[Black "Reflection II max Corona D+"]
[Result "1/2-1/2"]
[WhiteElo "2134"]
[BlackElo "2159"]
[PlyCount "81"]

1.e4 c6 2.d4 d5 3.exd5 cxd5 4.c4 Nf6 5.Nc3 e6 6.Nf3 Be7 7.cxd5 Nxd5 8.Bd3 O-O 
9.O-O Nc6 10.Re1 Bf6 {Buchende.} 11.Be4 {Buchende.} 11...h6 12.Nxd5 exd5 13.Bc2 
Nb4 14.Bb1 Re8 15.Ne5 Be6 16.a3 Nc6 17.Qd3 Kf8 18.Nxc6 bxc6 19.Bf4 Qb6 20.Bd6+ 
Be7 21.Be5 $14 {Aufgrund der stetigen Drohung in Richtung des schwarzen Königs,
hat sich der Novag einen leichten Vorteil erarbeitet.} 21...f6 22.Bg3 ( {Nach
dem leicht stärkeren} 22.Bf4 c5 {kommt bereits} 23.Bxh6 $1 {...} ) 22...c5 
23.dxc5 ( {Stärker, aber schwer zu sehen:} 23.Qh7 Bg8 24.Qh8 cxd4 25.Bf5 Kf7 
26.Re6 Qxb2 27.Rae1 {...} ) 23...Bxc5 24.b4 Bd4 25.Bd6+ Qxd6 26.Qxd4 $10 
{Ausgleich.} 26...Bf7 27.Bf5 Re5 28.Rxe5 fxe5 29.Qd3 Rb8 30.Rd1 Kg8 31.Rc1 Rf8 
32.Qb5 Qf6 33.Bd7 Rd8 34.Rc7 $6 {Nicht so gut, wie es aussieht.} 34...a6 {Die
Antwort ist auch nicht die stärkste:} ( 34...e4 $1 35.h3 Qa1+ 36.Qf1 ( 36.Kh2 
Qe5+ {...} ) 36...Qxa3 37.Bf5 Qxb4 {...} ) 35.Qa5 e4 36.h3 Qa1+ 37.Kh2 Qe5+ 
38.Kh1 Qa1+ 39.Kh2 Qf6 40.Kg1 Qa1+ 41.Kh2 {Remis 3x.} 1/2-1/2